Statistics for scream (2022)

Click here to take the quiz!

General Stats

  • This quiz has been taken 399 times
  • The average score is 7 of 11

Answer Stats

HintAnswer% Correct
Who is the first person to be attacked by Ghostface?Tara
92%
How many times was Tara attacked?3
90%
Complete this Amber quote "Welcome to...'act three
90%
Who's old house does Amber live in?Stu
85%
Who does Dewy contact first after he finds out Ghostface had returned?Sydney
84%
Who was the twins uncle?Randy
75%
What does Tara loose that causes the group to go to Ambers party?Inhaler
66%
How many years has it been since the first Ghost Face attacks in the film?25
58%
Where did Richie and Sam work?Bowling Alley
38%
Name of the song playing during the first kill outside the barRed right hand
21%
What type of food did Judy and her son Wes order?Thai
12%

Score Distribution

Percentile by Number Answered

Percent of People with Each Score

Your Score History

You have not taken this quiz